01175nam a2200193Ia 4500001001100000003001000011008004100021040002500062041001300087100004500100245008100145250001100226260006700237300001200304500026400316501011400580520026400694650002300958L248-27559IT-CnALBA170116s9999||||xx |||||||||||||| ||und|| aIT-CnALBAcIT-CnALBA aITALIANO aFRANZI P. M. FRANCESCO, OBL. MISS. MARIA 0aVERSO L'ALTARE CON MARIA. LA MADONNA E IL SACERDOTE... PER IL MESE MARIANO.  a3a ed. a ROMA, CASALE MONF.bPROPAGANDA MARIANA c1958 [1° Ed.: n.d.] a288 p.  aMARIA CAPOLAVORO DI DIO. PRIMOGENITA. COMPLEMENTO DELLA TRINITÀ. FIGLIA DEL PADRE. MADRE DEL VERBO DI DIO. SANTITÀ MADRE DEL FIGLIO. SPOSA DELLO SPIRITO SANTO. IMMACOLATA. PIENA DI GRAZIA. SOCIA DI CRISTO. CORREDENTRICE. OBBEDIENZA ADDOLORATA. DEVOZIONE V aSocietà San Paolo EM - Piazza San Paolo, 14 - 12051 ALBA (CN) (non commercial uses only) ® Copyright 2017 aMARIA CAPOLAVORO DI DIO. PRIMOGENITA. COMPLEMENTO DELLA TRINITÀ. FIGLIA DEL PADRE. MADRE DEL VERBO DI DIO. SANTITÀ MADRE DEL FIGLIO. SPOSA DELLO SPIRITO SANTO. IMMACOLATA. PIENA DI GRAZIA. SOCIA DI CRISTO. CORREDENTRICE. OBBEDIENZA ADDOLORATA. DEVOZIONE V aASCETICA E MISTICA